| 000 | 00406cam a22001337a 4500 | ||
|---|---|---|---|
| 008 | 180718b1972 xxu||||| |||| 00| 0 eng d | ||
| 082 | _aJ4x54 B469 | ||
| 100 | _aBhat, L.G. | ||
| 245 |
_aRegional planning in India _cby L.G. Bhat |
||
| 260 |
_aCalcutta _bStatistical Publication Society _c1972 |
||
| 300 | _a153p. | ||
| 650 | _aRegional planning --India | ||
| 650 | _aRegional planning --India --Uttar Pradesh | ||
| 999 |
_c341626 _d341626 |
||